000 00700nam a2200265Ia 4500
005 20260121165345.0
008 008 260114s9999 xx 000 0 eng d
020 _a9783319580746
037 _aEBOOK
040 _aCRL
040 _beng
040 _cCRL
041 _2eng
041 _aeng
084 _qCRL
100 _aMichael Keating, Guy Laforest
_91050700
245 0 _aConstitutional Politics and the Territorial Question in Canada and the United Kingdom
260 _bSpringer
260 _bSpringer
260 _c2018
856 _uhttps://link.springer.com/openurl?genre=book&isbn=978-3-319-58074-6
942 _cEBOOK
999 _c1616425
_d1616425